000 00232nam a22000857a 4500
008 160915b xxu||||| |||| 00| 0 eng d
100 _9533
_aMAlhotra.S.etal
245 _aMental Mathematics-6
260 _aNew Delhi
_bFrank Publications
_c2011
999 _c3190
_d3190